| 000 | 01158nam a22002297a 4500 | ||
|---|---|---|---|
| 999 |
_c61937 _d61937 |
||
| 003 | Ge_BSU | ||
| 005 | 20240612165031.0 | ||
| 008 | 240612s1970 ge ||||| |||| 00| 0 geo d | ||
| 041 | _ageo | ||
| 080 | _a611 +612 +615+616-083 +614.253.52 ს-36 | ||
| 245 |
_aსახელმძღვანელო მედდების მოსამზადებლად : _bსახელმძღვანელო სტუდენტებისათვის / _cრედ. ა. ცინცაძე. |
||
| 264 |
_aთბ. : _bთბილ. უნ-ტის გამ-ბა და სტ., _c1970. |
||
| 300 |
_a507 გვ. ; _b22 სმ. |
||
| 653 | _aადამიანის ანატომია | ||
| 653 | _aადამიანის ფიზიოლოგია | ||
| 653 | _aწამალთმცოდნეობა | ||
| 653 | _aშინაგანი დაავადებები | ||
| 653 | _aდაშავებულთა მოვლა | ||
| 653 | _aმედდების მომზადება | ||
| 700 |
_aცინცაძე, ა. _eრედაქტორი _911638 |
||
| 942 |
_2udc _cBK |
||